000 00499nam a2200217Ia 4500
008 210210b1926 xxu||||| |||| 00| 0 eng d
041 _aeng
082 _a821/236
100 _aFOWLER (J H)
245 _aGolden treasury of modern lyrics book I
260 _aLondon
_bMacmillan & Co. Ltd.
_c1926
650 _atreasury
650 _aof
650 _amodern
650 _alyrics
650 _aI
650 _aGolden
650 _abook
690 _aEnglish Literature
906 _a011405
999 _c130081
_d130081